الوقاية من السل الرئوى وال بى .يى.دجى

محفوظ في:

المؤلف الرئيسي: شريف عسران.

التنسيق: كتاب

اللغة: Undetermined

منشور في: Iraq Iraqi Scientific Academy 1953

الوسوم: إضافة وسم

لا توجد وسوم, كن أول من يضع وسما على هذه التسجيلة!

رقم الطلب: Q40 AUSA

LEADER 00374nam a2200121Ia 4500
008 240404s9999||||xx |||||||||||||| ||und||
050 4 |a Q40 AUSA 
100 1 |a شريف عسران. 
245 1 0 |a الوقاية من السل الرئوى وال بى .يى.دجى  |c شريف عسران 
264 1 |a Iraq  |b Iraqi Scientific Academy  |c 1953 
300 |a 39  |c 24 
942 |2 lcc  |c BK 
999 |c 57966  |d 57966